Conversion of traditional buildings (Record no. 107207)

MARC details
000 -LEADER
fixed length control field 02150cad a22002895a 4500
001 - CONTROL NUMBER
control field E138574
008 - FIXED-LENGTH DATA ELEMENTS--GENERAL INFORMATION
fixed length control field 070702s2007 stkao f ftu s000 0 eng d
020 ## - INTERNATIONAL STANDARD BOOK NUMBER
International Standard Book Number 9781904966463 (part 1)
-- 9781904966470 (part 2)
035 ## - SYSTEM CONTROL NUMBER
System control number (Sirsi) u138574
041 0# - LANGUAGE CODE
Language code of text/sound track or separate title eng
050 04 - LIBRARY OF CONGRESS CALL NUMBER
Classification number 690.231
-- 18
110 2# - MAIN ENTRY--CORPORATE NAME
Corporate name or jurisdiction name as entry element Historic Scotland
9 (RLIN) 2914
245 00 - TITLE STATEMENT
Title Conversion of traditional buildings
Remainder of title application of the Scottish Building Standards, part 1 principles and practice, part 2 application
Medium [electronic resource]
260 ## - PUBLICATION, DISTRIBUTION, ETC.
Place of publication, distribution, etc. Edinburgh
Name of publisher, distributor, etc. Historic Scotland
Date of publication, distribution, etc. 2007
300 ## - PHYSICAL DESCRIPTION
Extent vi, 68p.
Other physical details ill.
Dimensions 29cm.
Type of unit 2 parts
Extent viii, 160p.
Other physical details ill.
Dimensions 29cm.
350 ## - PRICE (NR) (BK AM CF MU VM SE) [OBSOLETE]
Price 6
490 #0 - SERIES STATEMENT
Series statement Historic Scotland Guide for Practitioners
Volume/sequential designation 6
520 ## - SUMMARY, ETC.
Summary, etc. This Guide aims to provide advice to practitioners, developers, building owners and local authorities regarding the application of the Building (Scotland) Regulations 2004 to the conversion of traditional buildings. Its function is to support existing Technical handbooks by identifying and resolving typical areas of difficulty that may be encountered during the conversion of such buildings. Part 1 sets out the principles which underlie the guide giving details of aspects such as what makes a building significant, issues surrounding performance of traditional buildings and a summary of key legislation affecting such buildings. Part 2 covers the application of the Standards that are most likely to have an impact on traditional buildings giving the text of each standard, a commentary of potential influences of the standard on traditional buildings, identifies risks from the standard to the building and recommended approaches to meeting the requirements of the standard.
590 ## - LOCAL NOTE (RLIN)
Local note KA
650 24 - SUBJECT ADDED ENTRY--TOPICAL TERM
Topical term or geographic name entry element BUILDING (SCOTLAND) REGULATIONS 2004
651 #4 - SUBJECT ADDED ENTRY--GEOGRAPHIC NAME
Geographic name Scotland
Chronological subdivision 1999-
690 ## - LOCAL SUBJECT ADDED ENTRY--TOPICAL TERM (OCLC, RLIN)
Topical term or geographic name as entry element BUILT ENVIRONMENT-BUILDING MAINTENANCE AND REFURBISHMENT-BUILDING CONSERVATION
700 ## - ADDED ENTRY--PERSONAL NAME
Personal name Urquhart, Dennis
710 ## - ADDED ENTRY--CORPORATE NAME
Corporate name or jurisdiction name as entry element Scottish Building Standards Agency
9 (RLIN) 4655
856 41 - ELECTRONIC LOCATION AND ACCESS
Uniform Resource Identifier <a href="https://www.sbsa.gov.uk/tech_handbooks/Conversion_of_Traditional_Buildings_Part_1.pdf">https://www.sbsa.gov.uk/tech_handbooks/Conversion_of_Traditional_Buildings_Part_1.pdf</a>
Public note View the guidance free of charge at www.sbsa.gov.uk
942 ## - ADDED ENTRY ELEMENTS (KOHA)
Suppress in OPAC 0
Holdings
Withdrawn status Lost status Source of classification or shelving scheme Damaged status Not for loan Home library Current library Shelving location Date acquired Total Checkouts Full call number Barcode Date last seen Copy number Price effective from Koha item type
    Dewey Decimal Classification     Virtual Virtual Online 05/02/2009   ONLINE PUBLICATION 138574-4001 06/08/2019 1 06/08/2019 Book